Italian journeys: from venice to naples and beyond / (Record no. 591815)
[ view plain ]
| 000 -LEADER | |
|---|---|
| fixed length control field | 01057cam a2200277 a 4500 |
| 001 - CONTROL NUMBER | |
| control field | 4048762 |
| 005 - DATE AND TIME OF LATEST TRANSACTION | |
| control field | 20221014114843.0 |
| 008 - FIXED-LENGTH DATA ELEMENTS--GENERAL INFORMATION | |
| fixed length control field | 990325s1999 ilua 000 0aeng |
| 010 ## - LIBRARY OF CONGRESS CONTROL NUMBER | |
| LC control number | 99026420 |
| 020 ## - INTERNATIONAL STANDARD BOOK NUMBER | |
| International Standard Book Number | 9781848855496 |
| 040 ## - CATALOGING SOURCE | |
| Original cataloging agency | DLC |
| Transcribing agency | DLC |
| Modifying agency | DLC |
| 042 ## - AUTHENTICATION CODE | |
| Authentication code | pcc |
| 043 ## - GEOGRAPHIC AREA CODE | |
| Geographic area code | e-it--- |
| 050 00 - LIBRARY OF CONGRESS CALL NUMBER | |
| Classification number | DG427 |
| Item number | .H87 1999 |
| 082 00 - DEWEY DECIMAL CLASSIFICATION NUMBER | |
| Classification number | 914.50484 |
| Author Mark | HOW |
| 100 1# - MAIN ENTRY--PERSONAL NAME | |
| Personal name | Howells, William Dean, |
| Dates associated with a name | 1837-1920. |
| 9 (RLIN) | 100307 |
| 245 10 - TITLE STATEMENT | |
| Title | Italian journeys: from venice to naples and beyond / |
| Statement of responsibility, etc. | by W.D. Howells |
| 260 ## - PUBLICATION, DISTRIBUTION, ETC. | |
| Place of publication, distribution, etc. | London : |
| Name of publisher, distributor, etc. | Tauris Parke, |
| Date of publication, distribution, etc. | 2011. |
| 300 ## - PHYSICAL DESCRIPTION | |
| Extent | 259 p. ; |
| Dimensions | 20 cm. |
| 600 10 - SUBJECT ADDED ENTRY--PERSONAL NAME | |
| Personal name | Howells, William Dean, |
| Dates associated with a name | 1837-1920 |
| General subdivision | Travel |
| Geographic subdivision | Italy. |
| 9 (RLIN) | 100308 |
| 650 #0 - SUBJECT ADDED ENTRY--TOPICAL TERM | |
| Topical term or geographic name entry element | Authors, American |
| Chronological subdivision | 19th century |
| Form subdivision | Biography. |
| 9 (RLIN) | 100309 |
| 651 #0 - SUBJECT ADDED ENTRY--GEOGRAPHIC NAME | |
| Geographic name | Italy |
| General subdivision | Description and travel. |
| 9 (RLIN) | 100310 |
| 906 ## - LOCAL DATA ELEMENT F, LDF (RLIN) | |
| a | 7 |
| b | cbc |
| c | orignew |
| d | 1 |
| e | ocip |
| f | 19 |
| g | y-gencatlg |
| 942 ## - ADDED ENTRY ELEMENTS (KOHA) | |
| Source of classification or shelving scheme | |
| Koha item type | Book |
| Withdrawn status | Lost status | Source of classification or shelving scheme | Damaged status | Not for loan | Permanent Location | Current Location | Shelving location | Date acquired | Source of acquisition | Total Checkouts | Full call number | Barcode | Date last seen | Price effective from | Koha item type |
|---|---|---|---|---|---|---|---|---|---|---|---|---|---|---|---|
| Central Library (CL) | Central Library (CL) | Chinese Studies | 10/14/2022 | Donated by China Embassy | 914.50484 HOW | CL-D-1991 | 06/03/2024 | 10/14/2022 | Book |
